Central Library OPAC University of Rajshahi

Settlement patterns / (Record no. 34350)

MARC details
000 -LEADER
fixed length control field 00949nam a2200313 4500
001 - CONTROL NUMBER
control field 34350
003 - CONTROL NUMBER IDENTIFIER
rucl marc code BD-RjUL
005 - DATE AND TIME OF LATEST TRANSACTION
control field 20211209052138.0
008 - FIXED-LENGTH DATA ELEMENTS--GENERAL INFORMATION
fixed length control field 140515r19721969enkabfk b 001 0 eng
020 ## - INTERNATIONAL STANDARD BOOK NUMBER
International Standard Book Number 058231013X
035 ## - SYSTEM CONTROL NUMBER
System control number (BD-RjUL)34444
040 ## - CATALOGING SOURCE
Original cataloging agency DLC
Transcribing agency DLC
Modifying agency DLC
-- BD-RjUL
Language of cataloging eng
041 ## - LANGUAGE CODE
Language code of text/sound track or separate title eng
082 00 - DEWEY DECIMAL CLASSIFICATION NUMBER
Classification number 301.30942
Author mark and year EVS 1972
100 1# - MAIN ENTRY--PERSONAL NAME
Personal name Everson, John Andrew.
9 (RLIN) 104454
245 10 - TITLE STATEMENT
Title Settlement patterns /
Statement of responsibility, etc. J. A. Everson [and] B. P. FitzGerald.
260 ## - PUBLICATION, DISTRIBUTION, ETC. (IMPRINT)
Place of publication, distribution, etc. London :
Name of publisher, distributor, etc. Longmans,
Date of publication, distribution, etc. c1969 [Reprinted 1972].
300 ## - PHYSICAL DESCRIPTION
Pagination xii, 138 p. :
Illustrations ill. ;
Size 22 cm.
350 ## - PRICE (NR) (BK AM CF MU VM SE) [OBSOLETE]
Price 18/-
490 0# - SERIES STATEMENT
Series statement Concepts in geography,
Volume/sequential designation 1
504 ## - BIBLIOGRAPHY, ETC. NOTE
Bibliography, etc Includes bibliographies and index.
650 #0 - SUBJECT ADDED ENTRY--TOPICAL TERM
Topical term or geographic name as entry element Population geography.
9 (RLIN) 53793
Topical term or geographic name as entry element Central places.
9 (RLIN) 104455
Topical term or geographic name as entry element Space in economics.
9 (RLIN) 104456
700 1# - ADDED ENTRY--PERSONAL NAME
Personal name FitzGerald, Brian Patrick,
Relator term joint author.
942 ## - ADDED ENTRY ELEMENTS (KOHA)
Source of classification or shelving scheme Dewey Decimal Classification
Koha item type Books
Holdings
Lost status Source of classification or shelving scheme Damaged status Not for loan Collection code Permanent Location Current Location Shelving location Date acquired Source of acquisition Total Checkouts Full call number Date last seen Copy number Koha item type Cost, normal purchase price
  Dewey Decimal Classification     Non-fiction Central Library, University of Rajshahi Central Library, University of Rajshahi   29/01/1973 Britain   301.30942 EVS 1972 15/05/2014 C-2 Books  
  Dewey Decimal Classification     Non-fiction Central Library, University of Rajshahi Central Library, University of Rajshahi General Stacks 11/11/1970 Zeitlinger   301.30942 EVS 1972 28/10/2025 C-3 Books 18.00